[Event "Jaen-ch"]
[Site "Jaen"]
[Date "2022.02.16"]
[Round "7"]
[White "Meco Solis, Lucia"]
[Black "Martinez Navarrete, Marcos"]
[Result "0-1"]
[WhiteElo "1350"]
[BlackElo "1958"]
[PlyCount "66"]
[EventDate "2022.02.04"]
[EventType "swiss"]
[EventRounds "7"]
[EventCountry "ESP"]
[SourceTitle "EXT 2023"]
[Source "ChessBase"]
[SourceDate "2022.10.05"]
[SourceVersion "1"]
[SourceVersionDate "2022.10.05"]
[SourceQuality "1"]

1. d4 Nf6 2. Bf4 d5 3. e3 e6 4. Nf3 Bd6 5. Bg3 0-0 6. Bd3 b6 7. 0-0 Ba6 8. c3 c5 9. Bxa6 Nxa6 10. Qe2 Bxg3 11. hxg3 Nc7 12. Nbd2 Re8 13. Ne5 Nd7 14. Ndf3 Nxe5 15. Nxe5 f6 16. Nd3 c4 17. Nb4 a5 18. Nc2 e5 19. a4 e4 20. Na3 f5 21. Qh5 g6 22. Qh6 Re6 23. Qh3 Qf8 24. Qh4 Qg7 25. Qh3 Rf8 26. Rab1 g5 27. g4 Rh6 28. Qg3 f4 29. exf4 gxf4 30. g5 fxg3 31. gxh6 Qxh6 32. fxg3 Qe3+ 33. Kh1 Qxg3 0-1